Quiz wiedzy ogólnej #26 - Statystyki

Ogólne statystyki
  • Ten quiz został rozwiązany 1 098 razy
    1 043 od ostatniego zresetowania
  • Średni wynik to 9 z 20
Statystyki odpowiedzi
Pytanie Odpowiedź % Poprawnych
Jak się nazywa zjawisko świetlne, występujące głównie w okolicach bieguna północnego i południowego? Zorza polarna
92%
W Biblii, kim są Gabriel i Michał? Archaniołami
91%
Kto był prawie całkowicie głuchy gdy napisał swoją dziewiątą i zarazem ostatnią symfonię? Ludwig Van Beethoven
73%
Do jakiego domu przydzielono Harry'ego Pottera w Hogwarcie? Gryffindor
70%
Które państwo zniosło zakaz prowadzenia pojazdów przez kobiety dopiero w 2017 roku? Arabia Saudyjska
67%
Jakie państwo znane jest jako Nippon czy Nihon w jego ojczystym języku? Japonia
63%
Kto znany nosił sukienkę zrobioną z mięsa w 2010 roku? Lady Gaga
59%
W jakim sporcie używa się kijów, w którym boisko jest w kształcie owala i aktualnymi mistrzami świata (2023 rok) są Australijczycy? Krykiet
54%
W którym filmie akcja częściowo rozgrywa się w fikcyjnym afrykańskim państwie Wakanda? Czarna Pantera
47%
Podaj nazwę pierwiastka, który zaczyna się na literę Z. Złoto
47%
Które państwo zaproponowało Albertowi Einsteinowi prezydenturę? Izrael
40%
Kto, od 2022 roku, jest królową Wielkiej Brytanii w związku z byciem żoną Karola III? Kamila
36%
Który iluzjonista zmarł na zapalenie wyrostka robaczkowego po tym jak został uderzony w brzuch w 1926 roku? Harry Houdini
34%
Czyja filozofia polegała na ciągłym zadawaniu pytań w celu pobudzenia myśli i wyciągnięcia ukrytych założeń? Sokrates
30%
W księgowości, co jest przeciwieństwem kredytu? Debet
24%
Jakie amerykańskie miasto znane było z muzyki grunge? Seattle
20%
Kto miał synów o imionach Udajj i Kusajj? Saddam Husajn
11%
Wymień dwa najcięższe stadia gorączki Gorączka {wysoka}
7%
Jak się nazywa wietnamska celebracja Nowego Roku? Tết
5%
Wymień dwa najcięższe stadia gorączki Hiperpireksja
4%
Nie znaleziono quizów pasujących do podanych kryteriów
Rozkład punktacji
Procent ludzi z każdym wynikiem
Percentyl według liczby udzielonych odpowiedzi
Twoja historia wyników
Nie rozwiązałeś tego quizu od ostatniego zresetowania